=LDR 00000nam 2200000 4500 =001 INLIS000000000055399 =005 20200416093321 =035 ##$$a 0010-0420000078 =007 ta =008 200416###########################0#ind## =020 ##$$a 978-602-51093-8-6 =082 ##$$a 899.221 3 =084 ##$$a 899.221 3 Lia u =245 1#$$a Un finished fate /$c Liarasati =300 ##$$a 322 halaman : $b Ilustrasi ; $c 21 Cm. =700 #$$a Editor ; Anggia Eka, Aisena Rainy Sophie =600 #4$$a Fiksi Indonesia =264 ##$$a Jakarta :$b Namina books,$c 2018 =336 ##$$a teks$2 rdacontent =337 ##$$a lain-lain$2 rdamedia =338 ##$$a lain-lain$2 rdacarrier =990 ##$$a 25042504 =990 ##$$a 25042504 =990 ##$$a 320200505 =990 ##$$a 3202002505